[Event "83rd ESP-ch Women-ch 2018"]
[Site "Linares"]
[Date "2018.08.26"]
[Round "7"]
[White "Cesar Maestre, Bernardo"]
[Black "Garcia Garcia, Adrian Antonio"]
[Result "0-1"]
[WhiteElo "1861"]
[BlackElo "2179"]
[Annotator "NA"]
[PlyCount "120"]
[EventDate "2018.08.09"]
[EventType "tourn"]
[EventCountry "ESP"]
[SourceTitle "playchess.com"]
[Source "ChessBase"]
[SourceQuality "1"]
[TimeControl "40/5400+30:1800+30"]

1. d4 {[%emt 0:00:00]} e6 {[%emt 0:00:00]} 2. Nf3 {[%emt 0:00:00]} f5 {[%emt 0:00:00]} 3. Nc3 {[%emt 0:00:22]} Nf6 {[%emt 0:00:00]} 4. Bg5 {[%emt 0:00:06]} d5 {[%emt 0:00:00]} 5. e3 {[%emt 0:00:29]} Bd6 {[%emt 0:00:51] A80: Dutch Defence: Unusual White second moves} (5... Be7 6. Bd3 O-O 7. O-O Ne4 8. Bxe7 Qxe7 9. Ne2 Nd6 10. Rc1 Nd7 11. c4 c6 12. Qb3 Kh8 13. Qa3 a5 14. Ne5 {½-½ (45) So,W (2770)-Carlsen,M (2855) Leuven 2016}) 6. Nb5 {[%emt 0:00:27]} O-O $146 {[%emt 0:00:25]} ({Predecessor:} 6... Bb4+ 7. c3 Be7 8. c4 c6 9. Nc3 O-O 10. Bd3 Ne4 11. Bxe7 Qxe7 12. O-O Nd7 13. Qc2 {½-½ (51) Jovanic,O (2508)-Garbisu de Goni,U (2411) Palic 2017}) 7. Nxd6 {[%emt 0:00:10]} Qxd6 {[%emt 0:00:02]} 8. c3 {[%emt 0:00:38]} c5 {[%emt 0:03:31]} 9. Bf4 {[%emt 0:04:07]} Qb6 {[%emt 0:00:27]} 10. Qb3 {[%emt 0:00:07]} c4 {[%emt 0:03:28]} 11. Qxb6 {[%emt 0:00:49]} axb6 {[%emt 0:00:03]} 12. Bxb8 {[%emt 0:00:40]} Rxb8 {[%emt 0:00:01]} 13. b3 {[%emt 0:00:13]} b5 {[%emt 0:00:02]} 14. Nd2 {[%emt 0:03:02]} Ra8 {[%emt 0:01:13]} 15. f3 {[%emt 0:01:40]} Bd7 {[%emt 0:01:27]} 16. b4 {[%emt 0:01:46]} g5 {[%emt 0:04:37]} 17. Be2 {[%emt 0:03:30]} Ra6 {[%emt 0:02:06]} 18. a3 {[%emt 0:00:22]} Rfa8 {[%emt 0:03:10]} 19. Nb1 {[%emt 0:03:35]} f4 {[%emt 0:00:22]} 20. exf4 {[%emt 0:00:08]} gxf4 {[%emt 0:00:03]} 21. Bd1 {[%emt 0:00:21]} e5 {[%emt 0:01:09]} 22. dxe5 {[%emt 0:02:07]} Re8 {[%emt 0:00:08]} 23. Kd2 {[%emt 0:01:30]} Rxe5 {[%emt 0:00:12]} 24. Re1 {[%emt 0:02:24]} Rg5 {[%emt 0:00:02]} 25. Re2 {[%emt 0:00:34]} Kf7 {[%emt 0:03:49]} 26. Kc1 {[%emt 0:02:20]} Ne8 {[%emt 0:11:04]} 27. Raa2 {[%emt 0:01:30]} Ng7 {[%emt 0:02:20]} 28. Rad2 {[%emt 0:00:17]} Rd6 {[%emt 0:00:58]} 29. Bc2 {[%emt 0:01:08]} Re6 {[%emt 0:12:26]} 30. Rxe6 {[%emt 0:09:40]} Kxe6 {[%emt 0:02:12]} 31. Bxh7 {[%emt 0:00:45]} Rh5 {[%emt 0:01:17]} 32. Bg8+ {[%emt 0:00:08]} Kd6 {[%emt 0:00:02]} 33. g4 {[%emt 0:02:05]} fxg3 {[%emt 0:02:43]} 34. hxg3 {[%emt 0:00:40]} Bc6 {[%emt 0:01:15]} 35. g4 {[%emt 0:01:44]} Rh8 {[%emt 0:00:23]} 36. Bf7 {[%emt 0:01:29]} Rf8 {[%emt 0:00:31]} 37. Bg6 {[%emt 0:01:21]} Rxf3 {[%emt 0:00:06]} 38. Rh2 {[%emt 0:01:28]} Rf6 {[%emt 0:06:47]} 39. Bc2 {[%emt 0:00:15]} Rf1+ {[%emt 0:00:22]} 40. Kb2 {[%emt 0:00:20]} Rg1 {[%emt 0:00:10]} 41. Rh6+ {[%emt 0:36:46]} Ke5 {[%emt 0:32:12]} 42. Nd2 {[%emt 0:02:59]} Kf4 {[%emt 0:07:58]} 43. Rf6+ {[%emt 0:03:18]} Ke3 {[%emt 0:01:39]} 44. Nf3 $2 {[%emt 0:01:42]} (44. Nb1 $17) 44... Rf1 {[%emt 0:02:01]} 45. Rf7 {[%emt 0:00:08]} Rxf3 {[%emt 0:02:50]} 46. Rxg7 {[%emt 0:00:07]} d4 {[%emt 0:00:36]} 47. cxd4 $19 {[%emt 0:03:47]} Kd2 {[%emt 0:01:10]} 48. Rg5 {[%emt 0:01:02]} c3+ {[%emt 0:02:57]} 49. Kb3 {[%emt 0:00:11]} Be4 {[%emt 0:01:39]} 50. Bxe4 {[%emt 0:02:47]} c2+ {[%emt 0:00:06]} 51. Bxf3 {[%emt 0:00:05]} c1=Q {[%emt 0:00:06]} 52. Be4 {[%emt 0:00:14]} Qc4+ {[%emt 0:00:14]} 53. Kb2 {[%emt 0:00:11]} Qxd4+ {[%emt 0:00:05]} 54. Ka2 {[%emt 0:00:27]} Qxe4 {[%emt 0:00:10]} 55. Rc5 {[%emt 0:00:08]} b6 {[%emt 0:00:12]} 56. Rf5 {[%emt 0:00:15]} Kc3 {[%emt 0:00:43]} 57. Rf2 {[%emt 0:00:20]} Qe6+ {[%emt 0:00:03]} 58. Ka1 {[%emt 0:00:19]} Qe1+ {[%emt 0:00:03]} 59. Ka2 {[%emt 0:00:21]} Qxf2+ {[%emt 0:00:06]} 60. Kb1 {[%emt 0:00:09]} Qb2# 0-1

[Event "83rd ESP-ch Women-ch 2018"]
[Site "Linares"]
[Date "2018.08.27"]
[Round "8"]
[White "Anton Guijarro, David"]
[Black "Nunez, Daniela Alejandra"]
[Result "1/2-1/2"]
[WhiteElo "2652"]
[BlackElo "2021"]
[Annotator "TA"]
[PlyCount "114"]
[EventDate "2018.08.09"]
[EventType "tourn"]
[EventCountry "ESP"]
[SourceTitle "playchess.com"]
[Source "ChessBase"]
[SourceQuality "1"]

{[%evp 19,114,36,31,23,21,13,15,15,35,6,36,0,27,0,0,-7,-6,-15,-18,-5,0,0,8,-2,15,0,21,6,66,64,68,58,62,67,67,60,61,69,47,29,70,65,82,39,32,34,25,27,29,30,49,52,45,6,12,7,11,5,7,7,12,11,15,8,16,8,10,10,12,12,16,0,29,21,20,22,21,20,39,38,52,46,31,33,96,0,0,0,0,0,0,0,0,0,0,0,0]} 1. d4 Nf6 2. c4 e6 3. Nf3 b6 4. g3 Bb7 5. Bg2 Be7 6. O-O O-O 7. Nc3 Ne4 8. Bd2 Nxd2 9. Qxd2 d6 10. Rfd1 {E18: Queen's Indian: Old Main Line (4 g3 Bb7 5 Bg2 Be7 6 0-0 0-0 7 Nc3)} (10. b4 Nd7 11. Qd3 g6 12. b5 Bf6 13. Rfd1 a6 14. a4 c5 15. bxc6 Bxc6 16. Ne4 Bxe4 17. Qxe4 Qc7 {½-½ (45) Duda,J (2706)-Ponomariov,R (2687) Germany 2018}) 10... Nd7 {LiveBook: 3 Games} 11. Qc2 c6 $146 ({Predecessor:} 11... g6 12. h4 Bf6 13. Rac1 Qe7 14. Ne1 c6 15. b4 Rfb8 16. b5 c5 17. Bxb7 Rxb7 18. dxc5 Nxc5 {0-1 (26) Sanz Algarrada,J (2358)-Anikeev,V (2226) ICCF email 2013}) 12. e4 Qc7 13. Rac1 Rac8 14. h4 a6 15. b4 Bf6 16. Bh3 Rfe8 17. Kg2 Rcd8 18. Ne2 {[%cal Bc3e2,Be2g1,Bg1h3][%mdl 32]} c5 19. bxc5 bxc5 20. d5 $1 exd5 21. exd5 Bc8 22. Neg1 Qa5 23. Rb1 Nb6 (23... g6 $11) 24. Bxc8 $14 Rxc8 25. Nh3 Qa4 26. Qf5 Qd7 27. Qxd7 Nxd7 28. Rb7 Rcd8 29. Rd2 Re4 30. Rc2 h6 31. Nd2 Re7 32. Ra7 Ne5 33. Rxe7 Bxe7 34. Rb2 Kf8 35. Rb6 Ra8 36. Ng1 Ke8 37. Ngf3 {Threatens to win with Nxe5.} Nd7 38. Rb7 Kd8 39. g4 Kc8 40. Rb3 Rb8 41. Re3 Kd8 42. Nb3 {[#] Black must now prevent Na5.} Rb6 43. Na5 {Nc6+ is the strong threat.} Nb8 44. g5 hxg5 45. hxg5 Ke8 46. Kg3 Kf8 47. Kf4 Bd8 48. Ke4 Ke8 49. Kd3+ Kd7 {With the idea ...Rb2.} 50. Nb3 a5 {[%cal Ba6a5,Ba5a4][%mdl 32]} 51. Kc2 Rb4 (51... f6 $14) 52. Re4 ({White should play} 52. Nbd2 $16) 52... a4 $1 $11 {[%cal Ra4b3] The position is equal.} 53. Nc1 a3 54. Nd3 Rb6 55. Rf4 Ke8 56. Re4+ Kd7 57. Rf4 Ke8 {Precision: White = 55%, Black = 54%.} 1/2-1/2

[Event "83rd ESP-ch Women-ch 2018"]
[Site "Linares"]
[Date "2018.08.27"]
[Round "8"]
[White "Perez Candelario, Manuel"]
[Black "Bernabeu Lopez, Carlos Javier"]
[Result "1-0"]
[WhiteElo "2611"]
[BlackElo "2360"]
[Annotator "TA"]
[PlyCount "57"]
[EventDate "2018.08.09"]
[EventType "tourn"]
[EventCountry "ESP"]
[SourceTitle "playchess.com"]
[Source "ChessBase"]
[SourceQuality "1"]

{[%evp 12,57,4,4,27,7,39,31,60,60,47,58,72,52,91,78,115,113,106,119,99,72,134,97,155,173,155,105,152,147,162,185,136,65,84,6,413,407,400,351,29993,29994,29994,29995,29995,29996,29996,29997]} 1. e4 e5 2. Nf3 {[%cal Bg1f3,Bf3e5,Be5c4,Bc4e3][%mdl 32]} Nf6 3. Nxe5 d6 4. Nc4 Nxe4 5. Qe2 Qe7 6. Ne3 c6 {C42: Petroff Defence: 3 Nxe5 and unusual White 3rd moves} 7. b3 {LiveBook: 14 Games} Nf6 8. Bb2 Nbd7 {The position is equal.} 9. g3 Ne5 $146 ({Predecessor:} 9... g6 10. Bh3 Bg7 11. Nc4 Qxe2+ 12. Kxe2 Ke7 13. Re1 Nb6 14. Kf1+ Be6 {½-½ (56) Mamedov,R (2708)-Rakhmanov,A (2627) Ankara 2018}) 10. h3 Ng6 11. Bg2 Bd7 12. c4 {[%cal Bc2c4,Bc4c5][%mdl 32]} O-O-O 13. Nc3 Re8 14. b4 h5 15. b5 h4 16. bxc6 bxc6 {[#]} ({Better is} 16... Bxc6 17. Ncd5 Bxd5 18. cxd5 Kb8) 17. c5 $1 {[%mdl 512]} d5 (17... Kd8 $142) (17... dxc5 18. Qa6+) 18. Qa6+ $1 $16 Kd8 (18... Kb8 $2 19. Ba3 $18) 19. Qa5+ (19. Qxa7 Qxc5 20. Qb8+ Bc8 $11) 19... Kc8 20. Na4 $36 {[%mdl 2048] White is on the roll.} Bf5 21. O-O $1 Bd3 {[#]} 22. Bxf6 ({White should try} 22. Rfe1 $1 $16) 22... gxf6 $14 {[#]} 23. Bxd5 $1 {[%mdl 512]} hxg3 $2 {[%mdl 8192] [#]} (23... cxd5 24. Nxd5 Qb7 25. c6 $18) (23... Qc7 $11 {and Black is okay.} 24. Qxc7+ Kxc7 25. Bxf7 Rd8 26. Bxg6 Bxg6) 24. Nb6+ $1 $18 {[%mdl 512]} Kd8 {[#] And now ...Qc7 would win.} (24... axb6 25. Qa8+) 25. Nd7+ $1 {[%mdl 512]} Kxd7 $2 (25... Kc8 $18 26. Bxc6 Qe6) 26. Qxa7+ {White mates.} Kd8 27. Qa8+ Kd7 28. Qxc6+ Kd8 29. Qa8+ {Precision: White = 72%, Black = 30%.} 1-0

[Event "83rd ESP-ch Women-ch 2018"]
[Site "Linares"]
[Date "2018.08.27"]
[Round "8"]
[White "Del Rio de Angelis, Salvador Gabriel"]
[Black "Santos Ruiz, Miguel"]
[Result "1-0"]
[WhiteElo "2525"]
[BlackElo "2517"]
[Annotator "TA"]
[PlyCount "43"]
[EventDate "2018.08.09"]
[EventType "tourn"]
[EventCountry "ESP"]
[SourceTitle "playchess.com"]
[Source "ChessBase"]
[SourceQuality "1"]

{[%evp 20,43,0,0,0,-21,-11,-14,-15,-15,0,-5,0,0,0,0,0,-3,62,11,20,17,0,0,29995,29996]} 1. d4 Nf6 2. c4 e6 3. Nc3 Bb4 4. e3 O-O 5. Bd3 d5 6. Nf3 dxc4 7. Bxc4 c5 8. O-O cxd4 9. exd4 b6 10. Re1 Bb7 11. Bd3 {LiveBook: 63 Games. E54: Nimzo-Indian: Rubinstein: Main Line: 7...dxc4 8 Bxc4} h6 12. a3 Bd6 13. Bb1 $146 {The position is equal.} ({Predecessor:} 13. Qe2 Nbd7 14. Bd2 Nd5 15. Rad1 Bf4 16. Nxd5 Bxd2 17. Qe4 g6 18. Rxd2 Bxd5 {0-1 (90) Korobov,A (2705)-Lysyj,I (2641) Legnica 2013}) 13... Nc6 14. Qd3 Ne7 15. Ne5 Nf5 16. Qh3 Bb8 ({Don't play} 16... Nxd4 {[#]} 17. Bxh6 $1 {[%mdl 512]} Re8 18. Bg5 $16) 17. Bxf5 $40 {[%mdl 128] Black must now prevent Nxf7. Black needs to defend precisely.} Qxd4 18. Bxh6 {Hoping for Ng6!} gxh6 ({Black should play} 18... Bxe5 $11 19. Be3 Qc4) 19. Rad1 ({White should try} 19. Qg3+ $1 $14 Kh8 20. Rad1 Bxe5 21. Rxe5) 19... Qf4 $11 20. Nxf7 Kxf7 21. Rxe6 Rg8 $2 {[%mdl 8192] [#]} (21... h5 $11) 22. Rd7+ $1 {[%mdl 512] Precision: White = 74%, Black = 44%.} 1-0

[Event "83rd ESP-ch Women-ch 2018"]
[Site "Linares"]
[Date "2018.08.27"]
[Round "8"]
[White "Asis Gargatagli, Hipolito"]
[Black "Cuenca Jimenez, Jose Fernando"]
[Result "1-0"]
[WhiteElo "2515"]
[BlackElo "2506"]
[Annotator "TA"]
[PlyCount "89"]
[EventDate "2018.08.09"]
[EventType "tourn"]
[EventCountry "ESP"]
[SourceTitle "playchess.com"]
[Source "ChessBase"]
[SourceQuality "1"]

{[%evp 18,89,18,17,18,25,29,31,26,26,28,33,47,46,61,68,39,60,43,40,79,61,67,64,83,83,69,65,73,60,114,120,128,91,102,94,124,131,236,236,236,206,273,275,254,264,293,301,295,306,404,268,295,0,389,239,235,235,233,211,231,228,986,978,986,963,833,762,6119,6119,6103,6103,5715,5631]} 1. e4 e5 2. Nf3 Nc6 3. d4 exd4 4. Nxd4 Bc5 5. Be3 Qf6 6. c3 Nge7 7. Bc4 O-O 8. O-O b6 9. Qd2 {C45: Scotch Game} (9. Nc2 Ne5 10. Be2 Bb7 11. f4 N5g6 12. e5 Qe6 13. b4 Bxe3+ 14. Nxe3 Nh4 15. Bg4 f5 16. Be2 Kh8 {0-1 (34) Kasparov,G (2812)-Caruana,F (2795) Saint Louis 2016}) 9... Qg6 10. Nxc6 {LiveBook: 8 Games} Nxc6 11. Bxc5 {The position is equal.} bxc5 12. Na3 Rb8 13. f3 d6 14. Rae1 Ne5 15. Be2 f5 $146 ({Predecessor:} 15... Qf6 16. f4 Ng6 {1-0 (66) Huschenbeth,N (2596)-Salomon,J (2476) Douglas 2017}) 16. Nc4 Nf7 17. Bd3 {[%cal Be2d3,Bd3e4,Be4d5,Bd5b3][%mdl 32]} fxe4 18. Bxe4 Qf6 19. Ne3 Be6 20. Qc2 g6 21. Nd5 Bxd5 22. Bxd5 Rfe8 23. Qa4 Re5 (23... Re7 $14) 24. Bb3 $36 {[%mdl 2048] White is really pushing.} ({Much less strong is} 24. Qxa7 Rxb2 25. Bxf7+ Kxf7 $11) 24... Re7 25. Re4 Kg7 26. Qxa7 Rbe8 27. Qa4 Rd8 (27... Qg5 $16 {keeps fighting.} 28. h3 Nh6) 28. Rfe1 $18 Rxe4 29. Qxe4 Rd7 30. Qe8 Rd8 31. Qe7 d5 {Black hopes to continue with ...c4.} 32. Qxc5 c6 33. Qa7 Rd6 34. Qe3 Nd8 35. Qa7+ Nf7 36. c4 Qxb2 37. cxd5 cxd5 38. Qc5 Rd7 39. h3 d4 $2 {[#]} (39... Nh6 40. Qc6 Qd4+ 41. Kh1 Qa7 42. Bxd5 Nf5) 40. Re7 {White is clearly winning.} Rxe7 41. Qxe7 Qc1+ 42. Kf2 Qd2+ 43. Kg3 Qg5+ 44. Qxg5 Nxg5 45. h4 {Precision: White = 84%, Black = 43%.} 1-0

[Event "83rd ESP-ch Women-ch 2018"]
[Site "Linares"]
[Date "2018.08.27"]
[Round "8"]
[White "Aroshidze, Levan"]
[Black "Santos Latasa, Jaime"]
[Result "1-0"]
[WhiteElo "2504"]
[BlackElo "2582"]
[Annotator "TA"]
[PlyCount "63"]
[EventDate "2018.08.09"]
[EventType "tourn"]
[EventCountry "ESP"]
[SourceTitle "playchess.com"]
[Source "ChessBase"]
[SourceQuality "1"]

{[%evp 24,63,54,59,78,83,81,74,67,62,59,58,58,52,59,59,55,48,56,30,98,77,88,88,83,87,95,40,115,70,308,315,289,289,315,314,252,226,579,566,1285,1250]} 1. e4 e5 2. Nf3 Nc6 3. Bb5 a6 4. Ba4 d6 5. c3 Bd7 6. O-O g6 7. d4 Bg7 8. h3 Nf6 9. Re1 O-O 10. Nbd2 {[%cal Bb1d2,Bd2f1,Bf1g3][%mdl 32]} Re8 {C60: Spanische Partie} 11. Bc2 h6 12. Nf1 b5 13. Ng3 {LiveBook: 4 Partien} Bc8 (13... exd4 14. cxd4 Nb4 15. Bb1 c5 16. d5 a5 17. a3 Na6 18. Bf4 {1-0 (57) Ivanchuk,V (2726)-Mamedyarov,S (2799) Huaian 2017}) 14. Be3 Bb7 15. Qd2 Kh7 16. b3 $146 ({Vorgänger:} 16. a4) 16... Qe7 17. d5 Nb8 18. c4 c6 19. Rad1 Bf8 20. Nh2 Nbd7 21. Ng4 Ng8 (21... Nxg4 $11 {hält das Gleichgewicht.} 22. hxg4 Rec8) 22. f4 $16 h5 23. Nh2 exf4 24. Bxf4 Ne5 25. Nf3 (25. Rf1 $16) 25... bxc4 (25... Nxf3+ $14 26. gxf3 Qd7) 26. bxc4 {Sg5+ ist eine echte Drohung.} cxd5 $2 {[#]} ({Lieber} 26... Nxf3+ $1 $14 27. gxf3 Bh6) 27. Bxe5 $18 ({Schwächer ist} 27. cxd5 Nxf3+ 28. gxf3 Qh4 $16) 27... dxe5 28. exd5 Qc5+ 29. Kh1 Bh6 30. Qd3 Rad8 $2 (30... Rac8 31. Nxe5 Rxe5) 31. Nxe5 Re7 {[#]} 32. Nxf7 $1 {[%mdl 512] Precision: Weiß = 48%, Schwarz = 44%.} 1-0

[Event "83rd ESP-ch Women-ch 2018"]
[Site "Linares"]
[Date "2018.08.27"]
[Round "8"]
[White "Espinosa Aranda, Angel"]
[Black "Garriga Cazorla, Pere"]
[Result "1/2-1/2"]
[WhiteElo "2451"]
[BlackElo "2444"]
[Annotator "TA"]
[PlyCount "42"]
[EventDate "2018.08.09"]
[EventType "tourn"]
[EventCountry "ESP"]
[SourceTitle "playchess.com"]
[Source "ChessBase"]
[SourceQuality "1"]

{[%evp 22,42,0,0,0,0,0,0,0,8,11,0,0,0,0,0,0,0,0,0,0,0,926]} 1. Nf3 c5 2. c4 Nc6 {[%cal Bb8c6,Bc6e5,Be5c4][%mdl 32]} 3. d4 cxd4 4. Nxd4 Nf6 5. Nc3 e6 6. g3 Qb6 7. Ndb5 Ne5 8. Bg2 a6 {A33: Symmetrical English: 2 Nf3 Nf6 3 d4 cxd4 4 Nxd4 e6 5 Nc3 Nc6} 9. Na3 Bxa3 10. bxa3 Nxc4 11. O-O Qc5 12. Na4 {LiveBook: 3 Games. The position is equal.} Qa5 $146 ({Predecessor:} 12... Qb5 13. Nc3 {½-½ (15) Grischuk,A (2750)-Svidler,P (2755) Moscow 2017}) 13. Nb2 $1 {[%cal Rb2c4]} Nxb2 14. Bxb2 {next Qd6 is good for White.} d5 15. e4 dxe4 16. Qd6 {[#] Hoping for Bxf6.} Qd5 17. Qf4 Qf5 18. Qd6 Qd5 19. Qf4 Qf5 20. Qd6 {Black must now prevent Rad1.} Qd5 21. Qf4 {[#] Strongly threatening Rad1.} e3 $2 {[%mdl 40960] An unexpected result.} (21... Qf5 $11) 1/2-1/2

[Event "83rd ESP-ch Women-ch 2018"]
[Site "Linares"]
[Date "2018.08.27"]
[Round "8"]
[White "Moreno Ruiz, Javier"]
[Black "Cruz Ramirez, Nauzet"]
[Result "1/2-1/2"]
[WhiteElo "2450"]
[BlackElo "2037"]
[Annotator "TA"]
[PlyCount "117"]
[EventDate "2018.08.09"]
[EventType "tourn"]
[EventCountry "ESP"]
[SourceTitle "playchess.com"]
[Source "ChessBase"]
[SourceQuality "1"]

{[%evp 12,117,21,12,6,4,76,66,72,72,103,104,92,59,75,64,71,55,55,52,135,128,130,50,44,49,56,47,48,46,57,41,41,49,48,59,58,75,69,45,57,53,47,47,64,49,48,7,5,16,13,0,0,0,0,0,-5,-3,-4,-27,-10,-12,-16,-4,0,0,0,0,0,0,0,0,0,0,0,0,0,0,0,0,0,0,0,0,0,0,0,0,0,0,0,0,0,0,0,0,0,0,0,0,0,0,0,0,0,0,0,0]} 1. d4 Nf6 2. c4 e6 3. Nc3 Bb4 4. Qc2 d5 5. cxd5 Qxd5 6. Nf3 Qf5 7. Qd1 {LiveBook: 44 Partien} Nc6 {E34: Nimzoindisch (4.Dc2)} (7... O-O 8. e3 Ne4 9. Bd2 Nxd2 10. Qxd2 Nd7 11. Bd3 Qa5 12. Qc2 h6 13. O-O c5 14. a3 Bxc3 15. Qxc3 Qxc3 16. bxc3 {½-½ (25) Vitiugov,N (2729)-Karjakin,S (2762) Nizhnij Novgorod 2013}) 8. e3 O-O $146 (8... e5 $11 {hält das Gleichgewicht.}) ({Vorgänger:} 8... e5 9. dxe5 Nxe5 10. Nxe5 Bxc3+ 11. bxc3 Qxe5 12. Qd4 Qe7 13. Qb4 b6 14. Be2 c5 15. Qb3 O-O 16. f3 Be6 17. c4 Nd7 18. O-O Rad8 19. Rd1 {½-½ (19) Balta,M (2200)-Packroff,H (2205) ICCF email 2013}) 9. Bd3 $16 Qh5 {Weiß steht etwas besser.} 10. O-O Rd8 11. Ne2 $1 Bd6 12. h3 Qa5 13. a3 e5 $1 {[%cal Re5e4] Droht ...e4 und aus.} 14. Bd2 Qb6 15. Nc3 Be6 {[#]} (15... a6 $14) 16. b4 $1 a6 {[%cal Re5d4] [#]} 17. Ng5 ({Lieber} 17. d5 $1 $16 {[%cal Rd5e6]} Nxd5 18. Ng5) 17... exd4 $14 18. Nce4 Nxe4 19. Bxe4 g6 20. Nxe6 fxe6 21. Qg4 Re8 22. Rac1 Ne5 {[%cal Bc6e5,Be5f7,Bf7d6,Bd6f5][%mdl 32]} 23. Qh4 Nf7 24. exd4 c6 25. Be3 {Und weiter mit d5 wäre nett.} Qd8 26. Qg4 Bf8 27. h4 Nd6 28. Bb1 {Schwarz muss nun h5 beachten.} Nf5 29. Bg5 Be7 30. Bxe7 Qxe7 31. h5 Qf6 32. hxg6 hxg6 33. Rfe1 Rad8 34. Rcd1 Kg7 35. Re4 Rd6 36. g3 {Die Stellung ist ausgeglichen.} Red8 37. Kg2 Rxd4 (37... Nxd4 {with more complications.} 38. Rh1 e5 39. Rhe1 Re8 40. f4 Nf5) 38. Rexd4 Nxd4 {[#]} 39. Bxg6 $1 {[%mdl 512]} Qxg6 40. Rxd4 {Droht stark Dxg6+.} Qxg4 41. Rxg4+ $11 {[%mdl 4096] Endspiel KT-KT} Kf6 42. Rf4+ Kg6 43. Re4 Kf6 44. Re3 Rd5 45. Rf3+ Kg6 46. Re3 Kf6 47. f4 c5 48. bxc5 Rxc5 49. Kf3 b5 50. g4 {[%cal Bg3g4,Bg4g5][%mdl 32]} a5 51. Rb3 Rd5 52. Ke4 Rc5 53. g5+ Ke7 54. Rd3 b4 55. axb4 axb4 56. Rh3 Rb5 57. Rb3 Kf7 58. Kd4 Kg6 59. Ke4 {Precision: Weiß = 78%, Schwarz = 78%.} 1/2-1/2

[Event "83rd ESP-ch Women-ch 2018"]
[Site "Linares"]
[Date "2018.08.27"]
[Round "8"]
[White "Garza Marco, Sergio"]
[Black "Sanchez Vigon, David"]
[Result "1-0"]
[WhiteElo "2414"]
[BlackElo "2220"]
[Annotator "TA"]
[PlyCount "53"]
[EventDate "2018.08.09"]
[EventType "tourn"]
[EventCountry "ESP"]
[SourceTitle "playchess.com"]
[Source "ChessBase"]
[SourceQuality "1"]

{[%evp 25,53,12,15,10,22,12,13,-2,0,-4,0,-3,35,34,135,113,189,20,205,208,616,629,1286,1279,1253,1245,1175,1129,962,963]} 1. d4 d5 2. c4 e6 3. Nc3 Nf6 4. cxd5 exd5 5. Bg5 c6 6. e3 Be7 7. Bd3 Nbd7 8. Qc2 h6 9. Bh4 Nh5 10. Bxe7 Qxe7 11. Nge2 {[%cal Bg1e2,Be2c1,Bc1b3,Bb3c5][%mdl 32]} Nb6 12. O-O-O {D36: Queen's Gambit Declined: Exchange Variation: Main line (5 Bg5 c6 6 Qc2)} (12. O-O O-O 13. Rae1 Be6 14. Nc1 Rad8 15. Nb3 Rfe8 16. Nc5 Bc8 17. b4 Nc4 18. Qe2 Qg5 19. f4 Qh4 20. Bxc4 dxc4 {0-1 (37) Navara,D (2724)-Adams,M (2740) Biel 2015 CBM 168 [Krasenkow,M]}) 12... Bd7 13. Kb1 O-O-O {LiveBook: 6 Games} 14. Nc1 {The position is equal.} Kb8 15. Nb3 Bc8 16. Ka1 Nf6 $146 ({Predecessor:} 16... Nd7 17. Rc1 Nhf6 18. Rhe1 Qd6 19. h3 Rhe8 {1-0 (52) Sakaev,K (2619)-Matsenko,S (2429) Budva 2009}) 17. Rb1 Rhe8 18. Nc5 Nbd7 19. b4 {[%cal Bb2b4,Bb4b5][%mdl 32]} b6 (19... Ka8 $14) 20. Qa4 $16 Qd6 (20... Ne4 $16 21. N5xe4 dxe4 22. Bxe4 b5) 21. Rb2 $2 (21. Rhc1 $18) 21... Qc7 $2 {[#]} (21... Ka8 $11 {and Black is okay.}) 22. b5 $1 $18 {[%cal Rb5c6]} Bb7 $2 (22... Nxc5 23. dxc5 d4 24. exd4 Nd5) 23. Nxb7 {White is clearly winning.} Kxb7 24. bxc6+ Qxc6 25. Ba6+ Kc7 26. Nb5+ Kb8 27. Rc2 {Precision: White = 55%, Black = 19%.} 1-0

[Event "83rd ESP-ch Women-ch 2018"]
[Site "Linares"]
[Date "2018.08.27"]
[Round "8"]
[White "Merario Alarcon, Andres"]
[Black "Alshameary Puente, Ismael"]
[Result "1-0"]
[WhiteElo "2406"]
[BlackElo "2343"]
[Annotator "TA"]
[PlyCount "83"]
[EventDate "2018.08.09"]
[EventType "tourn"]
[EventCountry "ESP"]
[SourceTitle "playchess.com"]
[Source "ChessBase"]
[SourceQuality "1"]

{[%evp 17,83,6,20,22,10,24,20,11,36,37,57,46,75,70,74,71,81,70,106,55,59,-11,0,-4,56,40,86,14,0,7,0,-31,-31,-29,-30,-60,-50,-158,-161,-173,-171,-179,-166,-222,-230,-260,354,353,434,431,387,337,614,502,704,674,618,558,484,459,883,817,1612,1557,3425,3073,2798,2688]} 1. c4 e5 2. Nc3 Nf6 3. Nf3 Nc6 4. e3 Bb4 5. Qc2 O-O 6. Nd5 Bc5 7. a3 a5 {A28: English Opening: Four Knights Variation} 8. Ng5 g6 9. h4 {[%cal Bh2h4,Bh4h5][%mdl 32]} (9. Nxf6+ Qxf6 10. Ne4 Qe7 11. Nxc5 Qxc5 12. Qc3 d5 13. b4 Qd6 14. b5 d4 15. Qc2 {½-½ (42) Stremavicius,T (2468)-Khachiyan,M (2530) chess.com INT 2017}) 9... d6 {LiveBook: 6 Games. The position is equal.} 10. Nxf6+ Qxf6 11. Ne4 Qe7 12. h5 Ba7 $146 ({Predecessor:} 12... a4 13. Nc3 Bg4 14. f3 Bf5 15. Bd3 Bxd3 16. Qxd3 {½-½ (40) Mamutov,S-Francescone,G ICCF email 2010}) 13. b3 Be6 14. Bb2 f5 15. Nc3 g5 16. O-O-O Qf7 17. h6 Ne7 18. Nb5 (18. g4 $1 $16) 18... Bb8 $14 19. Be2 (19. d4 $1 $14) 19... c6 20. Nc3 Ba7 ({Black should try} 20... b5 $11) 21. Rh5 Qf6 22. f4 (22. g4 $16) 22... gxf4 $11 23. exf4 Bd4 24. fxe5 dxe5 25. Rf1 Qg6 $36 {[%mdl 2048] White is under pressure.} 26. Rh4 Qxg2 {White must now prevent ...f4.} 27. Qd1 (27. Rhh1 $1 $15) 27... Ng6 $1 $17 {[%cal Rg6h4]} 28. Rhh1 Kh8 29. Kb1 Rad8 30. Bf3 (30. Qc2 {might work better.}) 30... Qg5 $1 $19 31. Qc2 {[#]} e4 $4 {[%mdl 8192] [#]} (31... b5 $1 $19 {[%mdl 512] and life is good for Black.} 32. Rh5 (32. cxb5 cxb5) 32... Qe7 33. cxb5 Nf4) 32. Nd5 $1 $18 cxd5 33. Bxd4+ Kg8 34. Rfg1 Qf4 $2 ({But not} 34... Qe7 {[#]} 35. Rxg6+ $1 {[%mdl 512]} hxg6 36. h7+ Kf7 37. h8=Q $18) (34... Qxg1+ 35. Rxg1 exf3) 35. Bh5 {White is clearly winning.} Kf7 36. Bxg6+ hxg6 37. c5 e3 38. dxe3 Qf3 (38... Qe4 $142 39. h7 f4 40. Qxe4 dxe4) 39. h7 Rh8 40. Qc3 f4 41. Bxh8 {White threatens Qf6+ and mate.} d4 42. Bxd4 {Precision: White = 52%, Black = 37%.} 1-0